[Event "Bad Woerishofen sen"]
[Site "?"]
[Date "2007.03.14"]
[Round "7"]
[White "Klein, Klaus"]
[Black "Kripp, Wolfgang"]
[Result "1/2-1/2"]
[WhiteElo "2120"]
[BlackElo "2162"]
[PlyCount "39"]
[EventDate "2007.??.??"]

1. e4 Nf6 2. e5 Nd5 3. d4 d6 4. c4 Nb6 5. exd6 exd6 6. Nc3 Nc6 7. Be3 Be7 8.
Bd3 Bf6 9. Nge2 Bg4 10. Qd2 d5 11. cxd5 Nxd5 12. Bb5 O-O 13. Nxd5 Qxd5 14. Bxc6
Qxc6 15. O-O Bxe2 16. Qxe2 Rfd8 17. Rac1 Qd6 18. Qb5 Bxd4 19. Bxd4 Qxd4 20.
Rxc7 1/2-1/2

[Event "Bad Woerishofen sen"]
[Site "?"]
[Date "2007.03.14"]
[Round "7"]
[White "Smits, Oswald"]
[Black "Hein, Manfred"]
[Result "1/2-1/2"]
[WhiteElo "1900"]
[BlackElo "2142"]
[PlyCount "153"]
[EventDate "2007.??.??"]

1. d4 d5 2. Nf3 Nf6 3. Nbd2 c6 4. e3 Bf5 5. c4 e6 6. Ne5 Nbd7 7. g4 Bg6 8. Nxg6
hxg6 9. g5 Ng8 10. Qg4 Bb4 11. Bd3 Qa5 12. Ke2 Ne7 13. Nb3 Qd8 14. a3 dxc4 15.
Bxc4 Bd6 16. h4 Rh5 17. e4 Nb6 18. Bd3 Nd7 19. Be3 e5 20. Rad1 Nc8 21. Rhf1 Qe7
22. f4 exf4 23. Bxf4 Qe6 24. Qxe6+ fxe6 25. e5 Ke7 26. Bxg6 Rxh4 27. exd6+ Nxd6
28. Bxd6+ Kxd6 29. Rh1 Rah8 30. Rxh4 Rxh4 31. Bd3 Rh2+ 32. Ke3 Rxb2 33. Rb1 Rg2
34. g6 b6 35. Kf3 Ra2 36. Ra1 Rh2 37. Kg3 Rh5 38. Nd2 Rd5 39. Nf3 Ra5 40. Bc2
Ke7 41. Kf4 Kf6 42. Be4 c5 43. Ne5 Nf8 44. Ng4+ Ke7 45. Ke3 cxd4+ 46. Kxd4 Ra4+
47. Ke3 Nxg6 48. Nf2 Ne5 49. Bc2 Rc4 50. Kd2 Rh4 51. Kc3 Rh2 52. Rf1 g5 53. Kd4
Nd7 54. Bg6 Rh4+ 55. Ke3 Ne5 56. Bc2 Nc4+ 57. Ke2 Nxa3 58. Bd3 Nc4 59. Rg1 Ne5
60. Rxg5 Nxd3 61. Kxd3 Ra4 62. Ne4 Ra3+ 63. Kd4 Ra4+ 64. Kd3 Ra2 65. Kd4 Rf2
66. Rg7+ Rf7 67. Rxf7+ Kxf7 68. Nd6+ Kf6 69. Nc8 a5 70. Nxb6 e5+ 71. Ke4 Ke6
72. Na4 Kd6 73. Nb2 Kc5 74. Kxe5 Kb4 75. Kd4 Kb3 76. Nc4 a4 77. Kc5 1/2-1/2

[Event "Bad Woerishofen sen"]
[Site "?"]
[Date "2007.03.14"]
[Round "7"]
[White "Mittermaier, Walter"]
[Black "Josting, Friedel"]
[Result "1-0"]
[WhiteElo "2155"]
[BlackElo "2015"]
[PlyCount "49"]
[EventDate "2007.??.??"]

1. d4 Nf6 2. c4 e6 3. Nc3 c5 4. Nf3 cxd4 5. Nxd4 a6 6. e4 Qc7 7. Be2 Be7 8. O-O
O-O 9. Be3 Nc6 10. Nb3 d6 11. Rc1 Bd7 12. f4 Rac8 13. Qe1 Qd8 14. Qf2 Kh8 15.
Kh1 Ng8 16. g4 Bf6 17. Rfd1 Bxc3 18. Rxc3 Nf6 19. Bf3 Qe7 20. e5 Ne8 21. exd6
Qd8 22. Bb6 Qf6 23. Nc5 Qxf4 24. Nxd7 Rg8 25. Be3 1-0

[Event "Bad Woerishofen sen"]
[Site "?"]
[Date "2007.03.14"]
[Round "7"]
[White "Schuler, Georg"]
[Black "Mack, Dr. Thomas"]
[Result "1/2-1/2"]
[WhiteElo "1987"]
[BlackElo "2026"]
[PlyCount "51"]
[EventDate "2007.??.??"]

1. c4 e5 2. Nc3 Nf6 3. g3 d5 4. cxd5 Nxd5 5. Bg2 Nb6 6. d3 Be7 7. Nf3 Nc6 8.
O-O g5 9. Nd2 Be6 10. b3 h5 11. Nc4 Nd5 12. Nxd5 Bxd5 13. Bxd5 Qxd5 14. Ne3 Qe6
15. Kg2 h4 16. g4 h3+ 17. Kh1 Bc5 18. Nf5 O-O-O 19. Bxg5 Rdg8 20. Qc1 Bd4 21.
Nxd4 Nxd4 22. f3 Nxe2 23. Qd2 Nd4 24. Be3 Rd8 25. Rac1 Rd7 26. Bxd4 1/2-1/2

[Event "Bad Woerishofen sen"]
[Site "?"]
[Date "2007.03.14"]
[Round "7"]
[White "Wulf, Adalbert"]
[Black "Jagdhuber, Hans"]
[Result "1/2-1/2"]
[WhiteElo "1985"]
[BlackElo "2018"]
[PlyCount "35"]
[EventDate "2007.??.??"]

1. d4 Nf6 2. c4 g6 3. Nc3 Bg7 4. e4 d6 5. f3 O-O 6. Be3 e5 7. Nge2 a6 8. Qd2 c6
9. O-O-O b5 10. dxe5 Nfd7 11. exd6 Nb6 12. Ng3 Be6 13. c5 b4 14. cxb6 bxc3 15.
bxc3 Nd7 16. h4 Nxb6 17. h5 Na4 18. Bd4 1/2-1/2

[Event "Bad Woerishofen sen"]
[Site "?"]
[Date "2007.03.14"]
[Round "7"]
[White "Winkler, Karl-Heinz"]
[Black "Aigner, Georg"]
[Result "0-1"]
[WhiteElo "1838"]
[BlackElo "2002"]
[PlyCount "71"]
[EventDate "2007.??.??"]

1. c4 e5 2. Nc3 Nf6 3. g3 d5 4. cxd5 Nxd5 5. Bg2 c6 6. e3 Be6 7. Nge2 Nd7 8. a3
Nc5 9. O-O Nxc3 10. bxc3 Bb3 11. d4 Bxd1 12. Rxd1 Nb3 13. Ra2 Nxc1 14. Nxc1 f5
15. Ne2 Qd7 16. c4 e4 17. Rb1 b6 18. a4 Bd6 19. Rc2 O-O 20. c5 Bc7 21. Bf1 bxc5
22. Rxc5 Bd6 23. Rc2 Rab8 24. Rbc1 Rfc8 25. Nc3 Ba3 26. Bc4+ Kf8 27. Rd1 Rb2
28. Rdd2 Rb4 29. d5 Bc1 30. Bf1 Bb2 31. dxc6 Qxc6 32. Nb5 Qxc2 33. Rd5 g6 34.
Nxa7 Ra8 35. Rd7 Rxa7 36. Bb5 0-1

[Event "Bad Woerishofen op"]
[Site "?"]
[Date "2007.03.15"]
[Round "8"]
[White "Bu, Xiangzhi"]
[Black "Mainka, Romuald"]
[Result "1-0"]
[WhiteElo "2644"]
[BlackElo "2492"]
[PlyCount "55"]
[EventDate "2007.??.??"]

1. Nf3 d5 2. c4 dxc4 3. e3 Nf6 4. Bxc4 e6 5. d4 c5 6. Qe2 a6 7. dxc5 Bxc5 8.
O-O Nc6 9. e4 b5 10. Bb3 Nd4 11. Nxd4 Qxd4 12. Be3 Qxe4 13. Nd2 Qf5 14. g4 Qe5
15. Nf3 Qe4 16. Ng5 Qe5 17. Qf3 Bxe3 18. Qxa8 O-O 19. Nxf7 Kxf7 20. fxe3 Qxe3+
21. Rf2 Kg8 22. Qf3 Qc5 23. Re1 Kh8 24. Qe3 Qd6 25. Rd1 Qe7 26. g5 Ng4 27.
Rxf8+ Qxf8 28. Qb6 1-0

[Event "Bad Woerishofen op"]
[Site "?"]
[Date "2007.03.15"]
[Round "8"]
[White "Karpatchev, Alexander"]
[Black "Romanishin, Oleg"]
[Result "1/2-1/2"]
[WhiteElo "2478"]
[BlackElo "2572"]
[PlyCount "61"]
[EventDate "2007.??.??"]

1. e4 e5 2. Nf3 Nc6 3. Bc4 Nf6 4. d4 exd4 5. e5 Ne4 6. Qe2 Nc5 7. O-O Be7 8.
Rd1 O-O 9. Nxd4 d5 10. exd6 Bxd6 11. Nb5 Qh4 12. Nxd6 cxd6 13. Be3 Be6 14. Na3
Rad8 15. Bd5 Rfe8 16. Nb5 Bxd5 17. Rxd5 Qf6 18. Rad1 Qxb2 19. Nxd6 Ne4 20. Nxe8
Rxd5 21. Rxd5 Nc3 22. Nf6+ gxf6 23. Qg4+ Kh8 24. Rd1 Nxd1 25. Bh6 f5 26. Qxd1
Qxa2 27. h3 Qe6 28. Qa1+ f6 29. Qa3 Qe7 30. Qd3 a5 31. Qc4 1/2-1/2

[Event "Bad Woerishofen op"]
[Site "?"]
[Date "2007.03.15"]
[Round "8"]
[White "van der Weide, Karel"]
[Black "Savchenko, Stanislav"]
[Result "0-1"]
[WhiteElo "2476"]
[BlackElo "2525"]
[PlyCount "92"]
[EventDate "2007.??.??"]

1. e4 c5 2. Nf3 d6 3. d4 cxd4 4. Nxd4 Nf6 5. Nc3 a6 6. Be3 e5 7. Nb3 Be6 8. f3
h5 9. Qd2 Nbd7 10. O-O-O Be7 11. Kb1 Qc7 12. h3 b5 13. Nd5 Bxd5 14. exd5 Nb6
15. Bxb6 Qxb6 16. Na5 Rc8 17. c4 bxc4 18. Nxc4 Qa7 19. b4 Qb8 20. Nb2 Qb7 21.
Bc4 O-O 22. Bb3 Rb8 23. Rc1 Qxb4 24. Qxb4 Rxb4 25. Rc7 Re8 26. Rhc1 e4 27. Ra7
h4 28. Nc4 Bf8 29. Rxa6 exf3 30. gxf3 Nxd5 31. Nxd6 Re6 32. Rc8 Nb6 33. Rxb6
Rxb6 34. Nf5 g6 35. Nxh4 Kg7 36. f4 Ba3 37. Ra8 Re1+ 38. Kc2 Rc6+ 39. Kd3 Rd6+
40. Kc4 Re4+ 41. Kb5 Rb4+ 42. Ka5 Rxf4 43. Ng2 Rf5+ 44. Ka4 Bc1 45. Bc4 Rd4 46.
Rc8 Bd2 0-1

[Event "Bad Woerishofen op"]
[Site "?"]
[Date "2007.03.15"]
[Round "8"]
[White "Langheinrich, Ferenc"]
[Black "Levin, Felix"]
[Result "0-1"]
[WhiteElo "2396"]
[BlackElo "2510"]
[PlyCount "76"]
[EventDate "2007.??.??"]

1. Nf3 Nf6 2. c4 e6 3. d4 d5 4. Nc3 c6 5. Bg5 Be7 6. e3 Nbd7 7. cxd5 Nxd5 8.
Bxe7 Qxe7 9. Qc2 Nxc3 10. Qxc3 O-O 11. Rc1 Re8 12. Ne5 Nxe5 13. dxe5 b6 14. Bd3
c5 15. Qc2 g6 16. h4 Bb7 17. h5 Qg5 18. Be4 Bxe4 19. Qxe4 Rad8 20. hxg6 hxg6
21. Rc4 Rd5 22. f4 Qg4 23. Qf3 Qxf3 24. gxf3 Red8 25. Kf2 Rd2+ 26. Kg3 Rxb2 27.
e4 Rdd2 28. Rg1 Rxa2 29. f5 Kf8 30. Rcc1 gxf5 31. exf5 Re2 32. f6 Rxe5 33. Rcd1
Ke8 34. Kh4 Rh2+ 35. Kg4 Rh6 36. Kf4 Rf5+ 37. Ke4 Rhxf6 38. Rg3 Ke7 0-1

[Event "Bad Woerishofen op"]
[Site "?"]
[Date "2007.03.15"]
[Round "8"]
[White "Braun, Peter"]
[Black "Bromberger, Stefan"]
[Result "1/2-1/2"]
[WhiteElo "2275"]
[BlackElo "2495"]
[PlyCount "65"]
[EventDate "2007.??.??"]

1. d4 Nf6 2. c4 g6 3. Nf3 Bg7 4. g3 O-O 5. Bg2 d6 6. O-O Nc6 7. Nc3 a6 8. h3
Rb8 9. e4 b5 10. e5 Nd7 11. e6 fxe6 12. d5 Nce5 13. Nd4 Nb6 14. cxb5 exd5 15.
f4 c5 16. bxc6 Nf7 17. f5 gxf5 18. Nxf5 Bxf5 19. Rxf5 e6 20. Rf1 Nc4 21. Qg4
Qb6+ 22. Kh1 Rbe8 23. Ne2 Nce5 24. Qh4 Ng6 25. Qh5 Qxc6 26. Be3 Bxb2 27. Rab1
Bg7 28. Rb6 Qa4 29. Nf4 Nfe5 30. Rb7 Rf5 31. Rxg7+ Kxg7 32. Nxe6+ Rxe6 33. Qxf5
1/2-1/2

[Event "Bad Woerishofen op"]
[Site "?"]
[Date "2007.03.15"]
[Round "8"]
[White "Skembris, Spyridon"]
[Black "Pirrot, Dieter"]
[Result "1-0"]
[WhiteElo "2459"]
[BlackElo "2420"]
[PlyCount "55"]
[EventDate "2007.??.??"]

1. d4 e6 2. c4 f5 3. g3 Nf6 4. Bg2 Be7 5. Nf3 d6 6. Nc3 O-O 7. O-O Qe8 8. Bg5
Qh5 9. e4 e5 10. dxe5 dxe5 11. Nd5 Bd8 12. exf5 Bxf5 13. Nxf6+ Bxf6 14. Qd5+
Kh8 15. Bxf6 gxf6 16. Qxb7 Nd7 17. Qxc7 Rac8 18. Qxa7 Bh3 19. Rad1 Rf7 20. Bxh3
Qxh3 21. Rfe1 Rxc4 22. Rc1 Rb4 23. b3 Kg7 24. Rc7 e4 25. Nh4 Qe6 26. Qa5 Rb6
27. Qf5 Qd6 28. Qg4+ 1-0

[Event "Bad Woerishofen op"]
[Site "?"]
[Date "2007.03.15"]
[Round "8"]
[White "Loew, Gerald"]
[Black "Galdunts, Sergey"]
[Result "0-1"]
[WhiteElo "2285"]
[BlackElo "2502"]
[PlyCount "106"]
[EventDate "2007.??.??"]

1. c4 e6 2. g3 d5 3. Bg2 Nf6 4. Nf3 c5 5. cxd5 exd5 6. d4 Nc6 7. O-O Be7 8.
dxc5 Bxc5 9. Bg5 O-O 10. Qc2 Be7 11. Rd1 Qa5 12. Nc3 d4 13. Bxf6 Bxf6 14. Ne4
Qf5 15. Nxf6+ Qxf6 16. Qa4 Rd8 17. Rd2 Be6 18. Rad1 Rac8 19. b4 a6 20. b5 axb5
21. Qxb5 Rd7 22. h4 h6 23. Qa4 g6 24. Nxd4 Nxd4 25. Rxd4 b5 26. Qb4 Rc4 27.
Qxc4 bxc4 28. Rxd7 Bxd7 29. Rxd7 c3 30. Rc7 Qd4 31. Kh2 Qd2 32. Be4 Qxe2 33.
Rxc3 Qxe4 34. a3 Qe1 35. Rf3 Kf8 36. Rf4 Qf1 37. a4 Ke7 38. Re4+ Kd6 39. Rg4
Ke6 40. Re4+ Kd5 41. Rf4 Ke6 42. Re4+ Kd7 43. Rd4+ Ke7 44. Re4+ Kf8 45. Rf4 h5
46. Rf3 Ke7 47. Rf4 Ke6 48. Re4+ Kd5 49. Rf4 f5 50. Rf3 Kc4 51. Rf4+ Kc5 52.
Rf3 Kb4 53. Rf4+ Ka5 0-1

[Event "Bad Woerishofen op"]
[Site "?"]
[Date "2007.03.15"]
[Round "8"]
[White "Friedrich, Norbert"]
[Black "Ris, Robert"]
[Result "0-1"]
[WhiteElo "2314"]
[BlackElo "2403"]
[PlyCount "52"]
[EventDate "2007.??.??"]

1. e4 Nf6 2. e5 Nd5 3. d4 d6 4. c4 Nb6 5. exd6 exd6 6. Nc3 Be7 7. Nf3 Nc6 8.
Be2 O-O 9. O-O Bg4 10. b3 f5 11. d5 Bxf3 12. Bxf3 Ne5 13. Nb5 Bf6 14. Rb1 Nxf3+
15. Qxf3 a6 16. Nc3 Be5 17. Bf4 Qf6 18. Bxe5 dxe5 19. c5 Nd7 20. c6 bxc6 21.
dxc6 e4 22. Qf4 Nc5 23. Nd5 Qf7 24. Nxc7 Nd3 25. Qd6 Rfd8 26. Qe6 Ra7 0-1

[Event "Bad Woerishofen op"]
[Site "?"]
[Date "2007.03.15"]
[Round "8"]
[White "Bronznik, Valeri"]
[Black "Gypser, Andreas"]
[Result "1-0"]
[WhiteElo "2396"]
[BlackElo "2246"]
[PlyCount "67"]
[EventDate "2007.??.??"]

1. d4 d5 2. c4 e6 3. Nc3 Nf6 4. cxd5 exd5 5. Bg5 Be7 6. e3 O-O 7. Qc2 Nbd7 8.
Bd3 Re8 9. Nge2 Nf8 10. O-O Be6 11. Nf4 g6 12. Nxe6 Nxe6 13. Bxf6 Bxf6 14. Qb3
c5 15. Nxd5 cxd4 16. Qxb7 Nc5 17. Qc6 Be7 18. Bb5 Rf8 19. exd4 Ne6 20. Qd7 Bd6
21. Rad1 Rb8 22. Qxd8 Rfxd8 23. Nc3 Bb4 24. d5 Nf4 25. Bc4 Bxc3 26. bxc3 Rbc8
27. Rd4 g5 28. h4 h6 29. Re1 Ng6 30. h5 Nf8 31. d6 Rd7 32. Re7 Rcd8 33. Bxf7+
Kh8 34. Rxd7 1-0

[Event "Bad Woerishofen op"]
[Site "?"]
[Date "2007.03.15"]
[Round "8"]
[White "Meier, Volker"]
[Black "Heika, Martin"]
[Result "0-1"]
[WhiteElo "2237"]
[BlackElo "2394"]
[PlyCount "68"]
[EventDate "2007.??.??"]

1. e4 e6 2. d4 d5 3. Nd2 c5 4. exd5 exd5 5. Ngf3 Nc6 6. Bb5 Bd6 7. O-O Nge7 8.
dxc5 Bxc5 9. Nb3 Bd6 10. Re1 O-O 11. Bg5 Bg4 12. Be2 Qd7 13. Nfd4 Bxe2 14. Qxe2
Ng6 15. Qf3 h6 16. Be3 Rad8 17. Nf5 Be5 18. c3 Rfe8 19. Rad1 Bf4 20. Ng3 Nce5
21. Qh5 Bxe3 22. Rxe3 Nc4 23. Rxe8+ Qxe8 24. Nf1 Nf4 25. Qf3 Qe5 26. g3 Nh3+
27. Kh1 Rd6 28. Ne3 Rf6 29. Nxc4 dxc4 30. Rd8+ Kh7 31. Qd5 Qe1+ 32. Kg2 Rxf2+
33. Kxh3 Qf1+ 34. Kg4 Qe2+ 0-1

[Event "Bad Woerishofen op"]
[Site "?"]
[Date "2007.03.15"]
[Round "8"]
[White "Pitl, Gregory"]
[Black "Bjarnason, Oskar"]
[Result "1-0"]
[WhiteElo "2357"]
[BlackElo "2225"]
[PlyCount "93"]
[EventDate "2007.??.??"]

1. d4 d5 2. c4 c6 3. Nf3 Nf6 4. Nc3 dxc4 5. a4 Bf5 6. Ne5 Nbd7 7. Nxc4 Qc7 8.
g3 e5 9. dxe5 Nxe5 10. Bf4 Nfd7 11. Bg2 f6 12. O-O Nc5 13. e4 Bg6 14. Qe2 Ne6
15. Be3 Bc5 16. Rfd1 Bxe3 17. Nxe3 Bf7 18. f4 Nd7 19. a5 O-O 20. b4 Rfd8 21.
Rac1 Qb8 22. Nf5 Ndf8 23. e5 fxe5 24. fxe5 Rxd1+ 25. Rxd1 a6 26. Nd6 Qa7+ 27.
Kh1 Rd8 28. h4 Rd7 29. Na4 Qb8 30. Kh2 Qc7 31. Nc3 Re7 32. Nce4 c5 33. Rc1 Nd4
34. Qf2 Nc6 35. Rxc5 Rxe5 36. Nxf7 Qxf7 37. Qxf7+ Kxf7 38. Rxe5 Nxe5 39. Ng5+
Ke7 40. Bxb7 Nd3 41. b5 axb5 42. a6 Nd7 43. Bc6 N3c5 44. Bxb5 h6 45. Ne4 Nxe4
46. Bxd7 Kxd7 47. a7 1-0

[Event "Bad Woerishofen op"]
[Site "?"]
[Date "2007.03.15"]
[Round "8"]
[White "Otterstaetter, Stefan"]
[Black "Espig, Lutz"]
[Result "1-0"]
[WhiteElo "2227"]
[BlackElo "2351"]
[PlyCount "89"]
[EventDate "2007.??.??"]

1. d4 Nf6 2. c4 d6 3. Nc3 Nbd7 4. e4 e5 5. Nf3 g6 6. Be2 Bg7 7. O-O O-O 8. Qc2
c6 9. Rd1 Qc7 10. dxe5 dxe5 11. Be3 Ng4 12. Bg5 Nc5 13. h3 Nf6 14. Be3 Ne6 15.
c5 Re8 16. b4 Bf8 17. Bc4 b6 18. cxb6 axb6 19. Bxe6 Bxe6 20. Nb5 Qb7 21. Nd6
Bxd6 22. Rxd6 c5 23. Ng5 Rac8 24. bxc5 bxc5 25. f3 Qe7 26. Rad1 c4 27. Nxe6
fxe6 28. Bg5 Qa7+ 29. Kh2 Kf7 30. Qc3 Qc5 31. a4 Ra8 32. Be3 Qa5 33. Qxc4 Qxa4
34. Qd3 Qa3 35. Qe2 Re7 36. Bg5 Rc7 37. Bxf6 Kxf6 38. Qf2 Raa7 39. Qh4+ Kg7 40.
Rxe6 Rc2 41. Qf6+ Kh6 42. Rxe5 Qb2 43. Qf8+ Rg7 44. Qf4+ g5 45. Rd6+ 1-0

[Event "Bad Woerishofen op"]
[Site "?"]
[Date "2007.03.15"]
[Round "8"]
[White "Dittmar, Peter"]
[Black "Pluemer, Detlef"]
[Result "1-0"]
[WhiteElo "2357"]
[BlackElo "2201"]
[PlyCount "79"]
[EventDate "2007.??.??"]

1. Nf3 d5 2. c4 c6 3. e3 Nf6 4. Nc3 a6 5. b3 Bg4 6. Be2 e6 7. Bb2 Be7 8. O-O
O-O 9. Rc1 b5 10. cxd5 cxd5 11. Nd4 Bxe2 12. Ncxe2 Qd7 13. Qc2 Bd6 14. Nf3 Qe7
15. Ned4 Nfd7 16. Ne1 Nb6 17. f4 Qd7 18. Qb1 Rc8 19. Rxc8+ Nxc8 20. Nef3 h6 21.
Qe1 Ne7 22. Qh4 Nbc6 23. Qg4 Nxd4 24. Nxd4 g6 25. Qh4 Kh7 26. Rf3 Ng8 27. g4
Be7 28. g5 f5 29. gxf6 Bxf6 30. Qh3 Re8 31. Rg3 Bg7 32. Qg4 Qf7 33. Qh3 Qd7 34.
Kh1 Nf6 35. Rg1 Ne4 36. Qg2 Qf7 37. d3 Nd6 38. Nf3 Nf5 39. Qh3 Qb7 40. Bxg7 1-0

[Event "Bad Woerishofen op"]
[Site "?"]
[Date "2007.03.15"]
[Round "8"]
[White "Fischer, Johann"]
[Black "Sargin, Anatol"]
[Result "1-0"]
[WhiteElo "2311"]
[BlackElo "2186"]
[PlyCount "105"]
[EventDate "2007.??.??"]

1. c4 e6 2. d4 d5 3. Nc3 f5 4. Nf3 Nf6 5. Bf4 c6 6. e3 Be7 7. Be2 O-O 8. O-O
Ne4 9. h3 Nd7 10. Ne5 Bf6 11. Nxd7 Bxd7 12. f3 Nxc3 13. bxc3 Bg5 14. Bxg5 Qxg5
15. f4 Qh6 16. Kh2 Rae8 17. Qb3 Bc8 18. Qa3 a6 19. Qd6 Qf6 20. Rf3 Rd8 21. Qe5
h6 22. c5 Rd7 23. Rg1 Qxe5 24. fxe5 g6 25. g3 Rg7 26. c4 Rff7 27. Rb1 Rc7 28.
Rb6 Rgf7 29. Rb1 Rg7 30. Rg1 Rcf7 31. g4 Kf8 32. Rff1 Kg8 33. Bd3 Kf8 34. Kg3
Bd7 35. Rf4 Kg8 36. Rgf1 Kf8 37. R1f2 Kg8 38. Kg2 Kf8 39. gxf5 gxf5+ 40. Kh2
Kg8 41. Rb2 Bc8 42. cxd5 cxd5 43. Rb6 Rc7 44. Rf2 Kh7 45. Rfb2 Kg8 46. Rd6 Kh7
47. Rbb6 Bd7 48. Rxe6 Bxe6 49. Rxe6 Rcf7 50. Rd6 Rg5 51. h4 Rg6 52. e6 Rfg7 53.
Bxf5 1-0

[Event "Bad Woerishofen op"]
[Site "?"]
[Date "2007.03.15"]
[Round "8"]
[White "Lupor, Andre"]
[Black "Babar, Michael"]
[Result "1-0"]
[WhiteElo "2288"]
[BlackElo "2191"]
[PlyCount "81"]
[EventDate "2007.??.??"]

1. Nf3 Nf6 2. c4 g6 3. Nc3 Bg7 4. e4 d6 5. d4 O-O 6. Be2 e5 7. O-O Nc6 8. d5
Ne7 9. b4 Nh5 10. Re1 Nf4 11. Bf1 a5 12. bxa5 Rxa5 13. a4 f5 14. Ba3 b6 15. Bb4
Ra8 16. a5 fxe4 17. Nd2 c5 18. dxc6 Nxc6 19. Ba3 Rxa5 20. Ndxe4 Nd4 21. Nb5
Nxb5 22. cxb5 d5 23. Bxf8 Rxa1 24. Qxa1 Qxf8 25. Qa2 Kh8 26. Nd2 e4 27. g3 Be5
28. Nxe4 dxe4 29. Rxe4 Be6 30. Qd2 Qf5 31. Qe3 Nd5 32. Qe1 Bc3 33. Qe2 Bf7 34.
Ra4 Kg7 35. Ra7 Bd4 36. h4 Nc3 37. Qd2 Qe5 38. Kh2 Kf6 39. Rd7 Bd5 40. Bh3 Qe4
41. Qg5# 1-0

[Event "Bad Woerishofen op"]
[Site "?"]
[Date "2007.03.15"]
[Round "8"]
[White "Erenska-Barlo, Hanna"]
[Black "Fischer, Thomas"]
[Result "1/2-1/2"]
[WhiteElo "2275"]
[BlackElo "2179"]
[PlyCount "58"]
[EventDate "2007.??.??"]

1. e4 c6 2. d4 g6 3. Bd3 Bg7 4. c3 d5 5. e5 h5 6. Nf3 Bg4 7. Bg5 Bh6 8. Bxh6
Nxh6 9. Nbd2 e6 10. Qc2 Bf5 11. Nf1 Qb6 12. O-O-O c5 13. Ne3 Bxd3 14. Rxd3 c4
15. Rd2 Qa6 16. a3 b5 17. Kd1 Nc6 18. Ke2 Qb6 19. h3 a5 20. g4 Ng8 21. Ng5 hxg4
22. Nxg4 Nce7 23. Rdd1 Nf5 24. Qd2 Rb8 25. Nf3 Qd8 26. Ra1 Kf8 27. Ne3 Nge7 28.
Ng4 Ng8 29. Ne3 Nge7 1/2-1/2

[Event "Bad Woerishofen op"]
[Site "?"]
[Date "2007.03.15"]
[Round "8"]
[White "Trabert, Bettina"]
[Black "Oud, Niek"]
[Result "1-0"]
[WhiteElo "2251"]
[BlackElo "2027"]
[PlyCount "55"]
[EventDate "2007.??.??"]

1. e4 c5 2. Nf3 Nc6 3. d4 cxd4 4. Nxd4 Nf6 5. Nc3 d6 6. Bg5 e6 7. Qd2 Be7 8.
O-O-O a6 9. f3 Qc7 10. h4 Bd7 11. Kb1 b5 12. Nxc6 Bxc6 13. Ne2 Bb7 14. Nd4 Rc8
15. Be2 O-O 16. g4 Rfd8 17. Be3 Nd7 18. g5 Nf8 19. h5 d5 20. e5 Bc6 21. Bd3 Be8
22. Qh2 Kh8 23. Rdg1 Rd7 24. g6 Bc5 25. gxh7 f6 26. exf6 Qxh2 27. Rxh2 Nxh7 28.
fxg7+ 1-0

[Event "Bad Woerishofen op"]
[Site "?"]
[Date "2007.03.15"]
[Round "8"]
[White "Boog, Frithjof Dr"]
[Black "Rolle, Eric"]
[Result "0-1"]
[WhiteElo "2132"]
[BlackElo "2202"]
[PlyCount "44"]
[EventDate "2007.??.??"]

1. d4 Nf6 2. Nf3 g6 3. c4 Bg7 4. Nc3 O-O 5. e4 d6 6. h3 e5 7. d5 c6 8. Bg5 h6
9. Be3 a6 10. Qd2 cxd5 11. Bxh6 d4 12. Bxg7 Kxg7 13. Nd5 Nxe4 14. Qc2 f5 15. g4
Nc6 16. O-O-O Ne7 17. Nxe7 Qxe7 18. gxf5 Bxf5 19. Bd3 Nc5 20. Bxf5 Rxf5 21. Nh2
Qg5+ 22. Kb1 d3 0-1

[Event "Bad Woerishofen op"]
[Site "?"]
[Date "2007.03.15"]
[Round "8"]
[White "Schaefer, Michael"]
[Black "Bartels, Holger"]
[Result "1-0"]
[WhiteElo "2228"]
[BlackElo "2143"]
[PlyCount "73"]
[EventDate "2007.??.??"]

1. d4 d5 2. c4 e6 3. Nf3 Nf6 4. g3 Be7 5. Bg2 O-O 6. O-O Nbd7 7. Qc2 c6 8. Rd1
b6 9. b3 Ba6 10. Nbd2 Rc8 11. e4 dxe4 12. Nxe4 Nxe4 13. Qxe4 b5 14. Qc2 bxc4
15. bxc4 Qa5 16. Bd2 Bb4 17. Bf4 Be7 18. Rab1 c5 19. d5 exd5 20. cxd5 Bf6 21.
Bh3 Rcd8 22. Ng5 g6 23. Ne4 Bg7 24. Bg5 f6 25. Bd2 Qc7 26. Qa4 Be2 27. Re1 Bd3
28. Rbc1 Nb6 29. Qb3 Bxe4 30. d6+ c4 31. dxc7 cxb3 32. cxd8=Q Rxd8 33. Be6+ Kh8
34. Rxe4 Rxd2 35. Bxb3 Rd8 36. Rc7 Nc8 37. Rb4 1-0

[Event "Bad Woerishofen op"]
[Site "?"]
[Date "2007.03.15"]
[Round "8"]
[White "Jaenig, Reinhard"]
[Black "Will, Matthias"]
[Result "0-1"]
[WhiteElo "2176"]
[BlackElo "2023"]
[PlyCount "40"]
[EventDate "2007.??.??"]

1. e4 Nf6 2. e5 Nd5 3. d4 d6 4. c4 Nb6 5. exd6 exd6 6. Nc3 Be7 7. Bd3 O-O 8.
Nge2 Bg4 9. f3 Bh5 10. Nf4 Bg6 11. Nxg6 hxg6 12. O-O Nc6 13. Be3 Bf6 14. Be2
Re8 15. Bf2 d5 16. cxd5 Nxd5 17. Ne4 Nf4 18. Bb5 Qd5 19. Qa4 Rxe4 20. Bxc6 bxc6
0-1

[Event "Bad Woerishofen op"]
[Site "?"]
[Date "2007.03.15"]
[Round "8"]
[White "Guggenberger, Guido"]
[Black "Graf, Felix"]
[Result "0-1"]
[WhiteElo "2042"]
[BlackElo "2249"]
[PlyCount "48"]
[EventDate "2007.??.??"]

1. d4 Nf6 2. Nf3 e6 3. Nbd2 c5 4. dxc5 Bxc5 5. a3 Bxf2+ 6. Kxf2 Ng4+ 7. Kg3 Ne3
8. Qe1 Nxc2 9. Qd1 Qc7+ 10. Kf2 Nxa1 11. Nd4 O-O 12. N2f3 a6 13. Bg5 f6 14. Be3
d5 15. Qxa1 e5 16. Nb3 d4 17. Bd2 Be6 18. Nc1 Nc6 19. e3 dxe3+ 20. Bxe3 e4 21.
Nd4 Nxd4 22. Bxd4 Rad8 23. b4 Qf4+ 24. Kg1 e3 0-1

[Event "Bad Woerishofen op"]
[Site "?"]
[Date "2007.03.15"]
[Round "8"]
[White "Schulze, Hubertus"]
[Black "Cobbers, Martin"]
[Result "1-0"]
[WhiteElo "2116"]
[BlackElo "2011"]
[PlyCount "63"]
[EventDate "2007.??.??"]

1. d4 d5 2. c4 c6 3. Nf3 e6 4. cxd5 exd5 5. Nc3 Nf6 6. Bg5 Be7 7. e3 Nbd7 8.
Bd3 O-O 9. Qc2 Re8 10. O-O Nf8 11. Rab1 g6 12. b4 a6 13. a4 Ne6 14. Bxf6 Bxf6
15. b5 axb5 16. axb5 Ng7 17. bxc6 bxc6 18. Na4 Bg4 19. Ne1 Qa5 20. Nc5 Reb8 21.
h3 Rxb1 22. Qxb1 Bf5 23. Bxf5 Nxf5 24. Ned3 Qd2 25. Rd1 Qc3 26. Rc1 Qd2 27. Rc2
Qa5 28. Qb7 Ra7 29. Qxc6 Bxd4 30. exd4 Nxd4 31. Qe8+ Kg7 32. Qe5+ 1-0

[Event "Bad Woerishofen op"]
[Site "?"]
[Date "2007.03.15"]
[Round "8"]
[White "Ballon, Guenther Jan"]
[Black "Vonach, Bernhard Dr"]
[Result "0-1"]
[WhiteElo "2153"]
[BlackElo "2013"]
[PlyCount "20"]
[EventDate "2007.??.??"]

1. d4 Nf6 2. c4 g6 3. Nc3 d5 4. Bg5 Bg7 5. e3 c6 6. Qb3 Qb6 7. c5 Qa5 8. Nf3
Nbd7 9. h3 Ne4 10. Be2 Ndxc5 0-1

[Event "Bad Woerishofen sen"]
[Site "?"]
[Date "2007.03.15"]
[Round "8"]
[White "Delander, Adolf"]
[Black "Schuler, Georg"]
[Result "1-0"]
[WhiteElo "2096"]
[BlackElo "1987"]
[PlyCount "63"]
[EventDate "2007.??.??"]

1. d4 Nf6 2. Nf3 d5 3. g3 g6 4. Bg2 Bg7 5. O-O O-O 6. Na3 a6 7. c4 dxc4 8. Nxc4
c6 9. Bd2 a5 10. a4 Ne4 11. Be3 Be6 12. Qc2 Nd6 13. Nxd6 exd6 14. Bd2 Na6 15.
Bc3 Nb4 16. Qd2 Nd5 17. Rfc1 Re8 18. Ne1 Nxc3 19. bxc3 Bc4 20. e3 d5 21. Rab1
b5 22. Bf1 Qd7 23. Nd3 Qd6 24. Nc5 Bxf1 25. Kxf1 Reb8 26. Qd3 b4 27. cxb4 axb4
28. Qd2 Qc7 29. Rxb4 Rxb4 30. Qxb4 Rb8 31. Qc3 Bf8 32. Na6 1-0

[Event "Bad Woerishofen sen"]
[Site "?"]
[Date "2007.03.15"]
[Round "8"]
[White "Schmid, Hermann"]
[Black "Hoffmann, Hans"]
[Result "1-0"]
[WhiteElo "2170"]
[BlackElo "2169"]
[PlyCount "71"]
[EventDate "2007.??.??"]

1. d4 d5 2. Nf3 e6 3. e3 Nf6 4. Bd3 c5 5. c3 Nbd7 6. Nbd2 b6 7. Ne5 Nxe5 8.
dxe5 Nd7 9. f4 f5 10. O-O Bb7 11. c4 g6 12. cxd5 exd5 13. Qa4 Ke7 14. b4 cxb4
15. Qxb4+ Kf7 16. Qb1 Nc5 17. Bxf5 gxf5 18. Qxf5+ Ke8 19. Qh5+ Kd7 20. Bb2 Rg8
21. Qxh7+ Be7 22. Nf3 Kc8 23. Rac1 Kb8 24. f5 Rh8 25. Qg6 Rg8 26. Qh5 Bg5 27.
Bd4 a5 28. h4 Be7 29. f6 Bf8 30. Qf7 Bh6 31. e6 Ka7 32. Rxc5 bxc5 33. Bxc5+ Ka6
34. Rb1 Bc6 35. Ne5 Bb5 36. a4 1-0